Hội thoại anh việt
Đã lưu trong:
| Príomhúdar: | |
|---|---|
| Formáid: | Leabhar |
| Foilsithe: |
H.
Đại học và Trung học chuyên nghiệp
1984
|
| Ábhair: | |
| Clibeanna: |
Cuir Clib Leis
Gan Chlibeanna, Bí ar an gcéad duine leis an taifead seo a chlibeáil!
|
| Thư viện lưu trữ: | Trung tâm Học liệu Lê Vũ Hùng, Trường Đại học Đồng Tháp |
|---|
| LEADER | 00679pam a22002058a 4500 | ||
|---|---|---|---|
| 001 | 00025391 | ||
| 005 | 20171026081025.0 | ||
| 008 | 110804s1984 ||||||Viesd | ||
| 041 | 0 | # | |a Vie |
| 082 | 1 | 4 | |a 428 |b H452TH |
| 100 | 0 | # | |a Nguyễn Quốc Hùng |
| 245 | 0 | 0 | |a Hội thoại anh việt |c Nguyễn Quốc Hùng |
| 260 | # | # | |a H. |b Đại học và Trung học chuyên nghiệp |c 1984 |
| 300 | # | # | |a 133 p. |c 13 cm. |
| 650 | # | 4 | |a anh viet |
| 653 | # | # | |a song ngữ |
| 852 | # | # | |b Kho mượn |j KM.0006885, KM.0006884 |
| 852 | # | # | |j KM.0006883 |j KM.0006882 |
| 910 | |d 04/08/2011 | ||
| 980 | # | # | |a Trung tâm Học liệu Lê Vũ Hùng, Trường Đại học Đồng Tháp |